000 00326nam a22001217a 4500
082 _a001
_bRES/J
100 _aRESONANCE
245 _aJEE (MAIN) PREVIOUS 10 YEARS PAPERS
_bANSWER KEYS AND TEXT SOLUTIONS BOOKLET
260 _aKOTA
_bRESONANCE EDUVENTURES LTD
300 _a134
650 _a JEE MAINS ENTRANCE
_zINDIA
942 _cBK
999 _c682
_d682